000 00737naa a22002057a 4500
001 232509
003 ES-MaBCM
005 20260323083824.0
008 260226s2025 us ||||| |||| 00| 0 eng d
040 _cES-MaBCM
100 1 _aJost, Tyler
_d1986-
_9131207
245 1 0 _aAfter Xi :
_bthe succession question obscuring China's future- and unsettling its present
_cTyler Jost, Daniel C. Mattingly
600 1 0 _aXi, Jinping‏
_d1953-‏
_9124737
650 7 _aCambio de régimen político
_957801
650 7 _aPolítica interior
_959836
651 4 _aChina
_9115350
700 1 _aMattingly, Daniel C.
_9131208
773 0 _dNew York
_gVol. 104, n. 5 (Sept-Oct. 2025), p. 148-159- Loc. S.552
_tForeign Affairs
_w200233
942 _2udc
_cAREV
999 _c232509
_d232509